Constructed meaning : form and process in Greek architecture

Αποθηκεύτηκε σε:
Λεπτομέρειες βιβλιογραφικής εγγραφής
Άλλοι συγγραφείς: Pavlides, Eleftherios (Επιμελητής έκδοσης), Sutton, Susan Buck (Επιμελητής έκδοσης), Κουνέλης, Γιάννης (Εικονογράφος)
Μορφή: Βιβλίο
Γλώσσα:English
Δημοσίευση: Minneapolis : University of Minnesota, c1995
Θέματα:
Ετικέτες: Προσθήκη ετικέτας
Δεν υπάρχουν, Καταχωρήστε ετικέτα πρώτοι!

MARC

LEADER 00000cam a2200000 i 4500
001 1/23355
008 011112r 1995 eng d
035 |l 10067649 
040 |a GR-MY-UA  |b gre  |e aacr 
041 0 |a eng 
082 0 |a 720.103 
245 1 0 |a Constructed meaning :  |b form and process in Greek architecture /  |c edited by Eleftherios Pavlides and Susan Buck Sutton 
260 |a Minneapolis :   |b University of Minnesota,   |c c1995 
300 |a [4], 271-536, [7] p.;  |b ill.(6 col.), maps;  |c 26 cm 
500 |a Modern Greek Studies Yearbook, volume 10/11. Offprint 
500 |a Offprint: Minneapolis: University of Monnesota, 1995 
650 0 0 |a Architecture  |z Greece. 
650 0 0 |a Architecture, Domestic  |z Greece. 
651 0 |a Greece  |x Social conditions  |y 20th century. 
700 1 |a Pavlides, Eleftherios.  |4 edt 
700 1 |a Sutton, Susan Buck.  |4 edt 
700 1 |a Κουνέλης, Γιάννης.  |4 ill 
852 |a INST  |b LESVOS  |e 20011112  |h 720.103 CON  |p 005100025146  |q 005100025146  |t BK  |y 0 
901 |a BIBL1-2002-3 
909 |a Λ  |b 099069 
922 |a 1ΕΛΗ  |b 200111  |c ΤΑΚ/ΚΥΒ  |d ΕΙΡΜΟΣ 
950 |a 023-2001-11-02 
970 |a ΤΖΑΦΕΡΗ  |b ΕΥΑΓΓΕΛΙΑ  |z 2002/09/16